000 00437nam a2200169Ia 4500
005 20240724044944.0
008 240331s9999 xx 000 0 und d
020 _a9555992673
082 _bFER
_a291
100 _aFernando,M
245 0 _aIn Spirit and in truth
_cMervyn Fernando
260 _aSri Lanka
_bSarvodaya vishva lekha publication
_c2001
300 _axi, 140 p.,
650 _aReligion
650 _aMethodology
942 _cL
999 _c4511
_d4511